Daňový bonus
Vyživované dieťa žijúce v domácnosti. Nárok na uplatnenie daňového bonusu. Uplatnenie daňového bonusu. Výška minimálnej mzdy ustanovená zamestnancovi. Výška minimálnej mzdy ustanovená daňovníkovi - podnikateľovi. Uplatnenie daňového bonusu - podanie daňového priznania. Uplatnenie daňového bonusu -...
Saved in:
| Main Author: | |
|---|---|
| Format: | Book Chapter |
| Language: | Slovak |
| Subjects: | |
| Tags: |
No Tags, Be the first to tag this record!
|
MARC
| LEADER | 00000naa$a2200000$$$4500 | ||
|---|---|---|---|
| 001 | 0005721 | ||
| 005 | 20231106091017.5 | ||
| 041 | 0 | |a slo | |
| 044 | |a SK | ||
| 245 | 1 | 0 | |a Daňový bonus |c aut. Viera Valicová |
| 520 | |a Vyživované dieťa žijúce v domácnosti. Nárok na uplatnenie daňového bonusu. Uplatnenie daňového bonusu. Výška minimálnej mzdy ustanovená zamestnancovi. Výška minimálnej mzdy ustanovená daňovníkovi - podnikateľovi. Uplatnenie daňového bonusu - podanie daňového priznania. Uplatnenie daňového bonusu - u zamestnávateľa. Príklady. | ||
| 610 | 2 | 0 | |a dane |
| 610 | 2 | 0 | |a úľavy daňové |
| 610 | 2 | 0 | |a deti |
| 610 | 2 | 0 | |a mzdy minimálne |
| 610 | 2 | 0 | |a zamestnanci |
| 610 | 2 | 0 | |a daňovníci |
| 610 | 2 | 0 | |a priznania daňové |
| 610 | 2 | 0 | |a zamestnávatelia |
| 100 | 1 | |a Valicová, Viera | |